000 00971nam a22002657a 4500
001 53816
003 UA-OsUOA
005 20191217163437.0
007 ta
008 20080506b un ||||| |||| 00| 0 ukr d
020 _a966-326-006-8
040 _aUA-OsUOA
_bukr
_cUA-OsUOA
_dUA-OsUOA
041 _aukr
080 _a340.66:343
090 _a340.66:343
_bД50
100 _aДідківська С. П.
245 _aВикористання судово-медичних і криміналістичних даних при розслідуванні злочинів проти людини: навч. посіб.
260 _aК.
_bАтіка
_c2004
300 _a136 с.
650 7 _a340 Право в цілому. Пропедевтика. Методи та допоміжні правничі науки
_2UDC
700 _aСагайдак П. Г.
942 _cBK
_2udc
955 _a2
999 _c339906
_d339906